| 000 | 00947nam a22003137a 4500 | ||
|---|---|---|---|
| 003 | CHAP | ||
| 005 | 20230606132316.0 | ||
| 008 | 110405s1975 mx r 00010 spa d | ||
| 010 | _a100859 | ||
| 011 | _a101831 | ||
| 035 | _a112519 | ||
| 040 | _cCHAP | ||
| 082 | 0 | 4 |
_a581.634. _bR52 |
| 100 | 0 | 0 |
_aRius _997542 |
| 245 | 1 | 3 |
_aEl yerberito ilustrado _c/por Rius |
| 260 |
_aMéxico, D.F. : _bPosada, _c1975 |
||
| 300 |
_a155 p. : _bilus. |
||
| 490 | 0 | _aColección duda semanal | |
| 590 |
_aBATCH-UPD _b10 _c20130110 _lUCH01 _h1137 |
||
| 590 |
_aBATCH-UPD _b10 _c20130410 _lUCH01 _h0724 |
||
| 590 |
_aBATCH-UPD _b10 _c20130914 _lUCH01 _h0739 |
||
| 590 |
_aCONVERSION _b10 _c20130109 _lUCH01 _h1356 |
||
| 650 | 0 | 4 |
_aBotánica médica. _914680 |
| 650 | 0 | 4 |
_aBotánica _xClasificación. _914516 |
| 830 | 0 | 0 |
_aColección duda semanal _924829 |
| 901 | _aBK | ||
| 942 | _cLIBRO | ||
| 949 |
_a581.634 R52 _bBC _cLIBRO _d33724002236801 _eLIBRO _h114611 _i112519 _si |
||
| 999 |
_c100859 _d100859 |
||